| 000 | 00351nam a2200157Ia 4500 | ||
|---|---|---|---|
| 003 | Ost | ||
| 005 | 20260225132544.0 | ||
| 008 | 260225s9999||||xx |||||||||||||| ||und|| | ||
| 040 | _cfsic | ||
| 041 | _afre | ||
| 082 | _a440 | ||
| 100 |
_aAnnie Kriegel _eAuteur |
||
| 245 | 0 | _aLes communistes français / | |
| 245 | 0 | _cAnnie Kriegel | |
| 942 | _cكتاب | ||
| 999 |
_c33684 _d33684 |
||